00761nam a2200217Ii 45000010005000000030009000050080041000140400033000550410008000880820015000961000027001112450071001382640040002093000012002493360026002613370028002873380027003159400050003429990017003929520134004093456CO-ViMGA241108s9999||||xx |||||||||||||| ||und|| aCO-ViMGAbspaerdacCO-ViMGA0 aspa04a320 - K3741 aHenry S. Kariel94778512aA la búsqueda del poder:bEl pensamiento político del siglo XX 1aBogotá, Colombia : Colombia, 1967 avolumen atextbtxt2rdacontent aunmediatedbn2rdamedia avolumebnc2rdacarrier aidficha_siabuc: 3372. -- ficha_no_siabuc:3456 c42397d42397 001040708001aMEVIGERRbMEVIGERRcGENd2006-11-27o320 - K374pECA1862r2024-11-26 09:06:23tEj.1w2024-11-26yBKz3372 | 4982